| 000 | 00392nam a2200157 a 4500 | ||
|---|---|---|---|
| 003 | AR-BaBNM | ||
| 005 | 20251128202812.0 | ||
| 008 | 082120s2002 ||||||||||||||000 | spa|| | ||
| 040 | _cAR-BaBNM | ||
| 100 | 1 | _aSaldías, Adolfo | |
| 245 | 0 | 0 |
_aHistoria de la confederación argentina _bRozas y su época. 2 |
| 260 |
_a[S.l.] _bGranada _c1967 |
||
| 300 | _a605 p. | ||
| 942 | _cBK | ||
| 998 | _cMARCE | ||
| 999 |
_c638 _d638 |
||